00523 2200205 4500001002100000005001500021035002000036007000300056008004100059020001500100082001000115084001600125100001300141245003400154250001100188260004800199300003400247990001800281990001800299INLIS00000000001005420220119032116 a0010-0122000255ta220119 g 0 ind  a9792213686 a641.8 a641.8 IND k0 aINDRIANI1 aKue Kering Potong /cIndriani aCet. 1 aJakarta :bPT.Gramedia Pustaka Utama,c2005 a88 hlm :b.ilus ;c15 x 24 cm a6262041010901 a6262041010386